QbD-Based Investigation of Dermal Semisolid in situ Film-Forming Systems for Local Anaesthesia

Elmentve itt :
Bibliográfiai részletek
Szerzők: Kovács Anita
Kis Nikolett
Budai-Szűcs Mária
Gácsi Attila
Csányi Erzsébet
Pannonhalminé Csóka Ildikó
Berkó Szilvia
Dokumentumtípus: Cikk
Megjelent: 2020
Sorozat:DRUG DESIGN DEVELOPMENT AND THERAPY 2020 No. 14
doi:10.2147/DDDT.S279727

mtmt:31665016
Online Access:http://publicatio.bibl.u-szeged.hu/20828
LEADER 00992nab a2200265 i 4500
001 publ20828
005 20210217100538.0
008 210217s2020 hu o 0|| zxx d
022 |a 1177-8881 
024 7 |a 10.2147/DDDT.S279727  |2 doi 
024 7 |a 31665016  |2 mtmt 
040 |a SZTE Publicatio Repozitórium  |b hun 
041 |a zxx 
100 1 |a Kovács Anita 
245 1 0 |a QbD-Based Investigation of Dermal Semisolid in situ Film-Forming Systems for Local Anaesthesia  |h [elektronikus dokumentum] /  |c  Kovács Anita 
260 |c 2020 
300 |a 5059-5076 
490 0 |a DRUG DESIGN DEVELOPMENT AND THERAPY  |v 2020 No. 14 
700 0 1 |a Kis Nikolett  |e aut 
700 0 2 |a Budai-Szűcs Mária  |e aut 
700 0 2 |a Gácsi Attila  |e aut 
700 0 2 |a Csányi Erzsébet  |e aut 
700 0 2 |a Pannonhalminé Csóka Ildikó  |e aut 
700 0 2 |a Berkó Szilvia  |e aut 
856 4 0 |u http://publicatio.bibl.u-szeged.hu/20828/1/dddt-279727-qbd-based-investigation-of-dermal-semisolid-in-situ-film-for.pdf  |z Dokumentum-elérés